000 01143nam a2200265 i 4500
001 bg
245 0 0 _aSkażenia promieniotwórcze środowiska i żywności w Polsce w 1996 roku =
_bRadioactive contamination of environment and food in Poland in 1996 /
_c[zespół aut. Dariusz Grabowski et al.] ; Państwowa Inspekcja Ochrony Środowiska, [Państwowa Agencja Atomistyki].
260 _aWarszawa :
_bPIOŚ :
_b"Trio",
_c1997.
300 _a36 s. :
_bmapy, wykr. ;
_c24 cm.
490 1 _aBiblioteka Monitoringu Środowiska
504 _aBibliogr. s. 34. - Summ.
650 9 _aIzotopy promieniotwórcze
_xbezpieczeństwo
_zPolska
_y1996 r.
650 9 _aPromieniowanie jonizujące
_xpomiary
_zPolska
_y1996 r.
650 9 _aŚrodowisko człowieka
_xhigiena i ochrona
_zPolska
_y1996 r.
650 9 _aŻywność
_xpromieniotwórczość
_xpomiary
_zPolska
_y1996 r.
700 1 _aGRABOWSKI, Dariusz.
830 _aBiblioteka Monitoringu Środowiska
020 _a8387166944
040 _cBPK
041 0 _apl
_benpl
080 _a614.87:539.16:504.05](438)
920 _a83-87166-94-4
942 _cKS
008 s pl f |000 0 pol
999 _c32553
_d32553
856 _uhttp://koha.tu.koszalin.pl/cgi-bin/koha/opac-detail.pl?biblionumber=32553
_yKatalog online BPK